Normal view
MARC view
- المومني، تيسير علي خلف
Entry Personal Name
001 - CONTROL NUMBER
- control field: 65294
003 - CONTROL NUMBER IDENTIFIER
- control field: JO-AjAnu
005 - DATE AND TIME OF LATEST TRANSACTION
- control field: 20240406092042.0
008 - FIXED-LENGTH DATA ELEMENTS
- fixed length control field: 240406|| aca||aabn | a|a d
040 ## - CATALOGING SOURCE
- Original cataloging agency: JO-AjAnu
100 ## - HEADING--PERSONAL NAME
- Personal name: المومني، تيسير علي خلف